Administración financiera (Registro nro. 22409)

Detalles MARC
000 -CABECERA
Longitud fija campo de control 00766nam a2200241 4500
003 - IDENTIFICADOR DELl NÚMERO DE CONTROL
Identificador del número de control OSt
005 - FECHA Y HORA DE LA ÚLTIMA TRANSACCIÓN
Fecha y hora de la última transacción 20150910131516.0
008 - CÓDIGOS DE INFORMACIÓN DE LONGITUD FIJA
Códigos de información de longitud fija 030408s1997 esp 000 0 spa d
020 ## - NÚMERO INTERNACIONAL NORMALIZADO PARA LIBROS
Número Internacional Normalizado para Libros (ISBN) 968-880-304-9
040 ## - FUENTE DE LA CATALOGACIÓN
Centro transcriptor BCRI
Centro catalogador de origen BCRI
082 ## - NÚMERO DE LA CLASIFICACIÓN DECIMAL DEWEY
Númeroo de clasificación 658.15
100 1# - PUNTO DE ACCESO PRINCIPAL-NOMBRE DE PERSONA
9 (RLIN) 7841
Nombre de persona Van Horne, James C.
245 10 - MENCIÓN DE TÍTULO
Título Administración financiera
Mención de responsabilidad, etc. James C. Van Hornee
250 ## - MENCIÓN DE EDICIÓN
Mención de edición 9ª ed
260 ## - PUBLICACIÓN, DISTRIBUCIÓN, ETC. (PIE DE IMPRENTA)
Lugar de publicación, distribución, etc. México, D.F. [etc.]
Nombre del editor, distribuidor, etc. Prentice Hall Hispano
Fecha de publicación, distribución, etc. 1993
300 ## - DESCRIPCIÓN FÍSICA
Extensión 894 p.
Dimensiones 25 cm
Otras características físicas Indice atras
595 ## - NOTA DE EDICIÓN E HISTORIA BIBLIOGRÁFICA
Nota de edición e historia bibliográfica Traducción de: Fundamentals of financial management
650 24 - PUNTO DE ACCESO ADICIONAL DE MATERIA - TÉRMINO DE MATERIA
9 (RLIN) 5713
Término de materia o nombre geográfico como elemento inicial Empresas
Subdivisión de materia general Finanzas
700 1# - PUNTO DE ACCESO ADICIONAL - NOMBRE DE PERSONA
9 (RLIN) 7842
Nombre de persona Wachowicz, John Martin
700 1# - PUNTO DE ACCESO ADICIONAL - NOMBRE DE PERSONA
9 (RLIN) 10009
Nombre de persona Pelcastre Ortega, Gustavo
700 1# - PUNTO DE ACCESO ADICIONAL - NOMBRE DE PERSONA
9 (RLIN) 26471
Nombre de persona Ramírez Ramírez, Elías
942 ## - ENTRADA DE ELEMENTOS AGREGADOS (KOHA)
Fuente de clasificaión o esquema Dewey Decimal Classification
Koha [por defecto] tipo de item 1- Monografias
Parte de clasificación prozim
Existencias
Suprimido Perdido Fuente de clasificación o esquema Estropeado Restricciones de uso No para préstamo Código de colección Localización permanente Localización actual Localización en estanter&íacute;as Fecha adquisición Fuente de adquisición Número de inventario Préstamos totales Signatura completa Código de barras Fecha última consulta Fecha del precio de reemplazo Tipo de item de Koha
NULL NULL Dewey Decimal Classification NULL Prestable NULL NULL Biblioteca Centro Regional de Ilobasco Biblioteca Centro Regional de Ilobasco Sala Principal 10/09/2015 UNICAES LI001029   658.15 VAN adm 1033676 10/09/2015 10/09/2015 1- Monografias
NULL NULL Dewey Decimal Classification NULL Prestable NULL NULL Biblioteca Centro Regional de Ilobasco Biblioteca Centro Regional de Ilobasco Sala Principal 10/09/2015 UNICAES LI002607   658.15 VAN adm 1039305 31/10/2016 31/10/2016 1- Monografias